000 00905nam a22002297a 4500
999 _c65818
_d65818
005 20240530110844.0
008 200912s2020 ua a f b 000 0dara d
017 _a2019/11390
_bمصر. دار الكتب
020 _a9789778124187
040 _aEG-CaGPL
_cEG-CaGPL
082 0 4 _221
_a320.011\
_bك أ
100 0 _aكاوه الطالبانى
245 1 0 _aازمة العدالة السياسية والشعارات الخيالية /
_cتاليف كاوه الطالبانى
250 _aط.1
260 _aالقاهرة :
_bالمكتب العربى للمعارف،
_c2020
300 _a431 ص. ؛
_c24 سم.
504 _aيشتمل على ارجاعات ببليوجرافية
651 0 7 _2qrmak
_aالعراق
_xالاحوال السياسية
651 0 7 _aكوردستان
_xالاحوال السياسية
942 _2ddc
_cBK